Fiktive Charaktere mit Stern auf dem Hollywood Walk of Fame - Statistiken

Allgemein
  • Dieses Quiz wurde 53 mal gespielt
  • Das Durchschnittsergebnis liegt bei 14 aus 24
Antwortstatistiken
Bildquiz Hint Antwort % Korrekt
Fernsehen, 2000 Die Simpsons
96%
Film, 1985 Bugs Bunny
91%
Film, 2004 Donald Duck
89%
Film, 1978 Micky Maus
89%
Film, 1987 Schneewittchen
89%
Film, 1960 Lassie
87%
Film, 2010 Shrek
87%
Film, 2024 Batman
83%
Fernsehen, 2002 Kermit der Frosch
78%
Film, 2004 Godzilla
76%
Film, 2015 Snoopy
76%
Fernsehen, 2019 Alvin und die Chipmunks
72%
Film, 2018 Minnie Maus
72%
Film, 2012 Die Muppets
70%
Film, 2010 Tinker Bell
67%
Film, 2006 Winnie Puuh
43%
Fernsehen, 1994 Bibo
35%
Fernsehen, 2001 Rugrats
24%
Film, 1990 Woody Woodpecker
22%
Film, 1960 Rin Tin Tin
11%
Film, 2007 Die Munchkins
9%
Fernsehen, 1987* Lone Ranger
7%
Film, 1988 Pee-wee Herman
4%
Film, 1960 Strongheart
0%
Keine übereinstimmenden Quizze gefunden
Verteilung der Resultate
Anzahl Personen mit jedem Resultat
Perzentil nach korrekt beantworteten Fragen
Ihre Resultats-Entwicklung
Sie haben dieses Quiz noch nicht gespielt